UBT Library

History of art; (Record no. 45028)

000 -LEADER
fixed length control field 00600cam a22002051 4500
001 - CONTROL NUMBER
control field 3585158
005 - DATE AND TIME OF LATEST TRANSACTION
control field 20180314085518.0
008 - FIXED-LENGTH DATA ELEMENTS--GENERAL INFORMATION
fixed length control field 730220s1962 nyuaef b 000 0 eng
010 ## - LIBRARY OF CONGRESS CONTROL NUMBER
LC control number 62011620
040 ## - CATALOGING SOURCE
Original cataloging agency DLC
Transcribing agency DLC
Modifying agency DLC
041 ## - LANGUAGE CODE
Language code of text/sound track or separate title eng
080 ## - UNIVERSAL DECIMAL CLASSIFICATION NUMBER
Universal Decimal Classification number 709 JAN
082 00 - DEWEY DECIMAL CLASSIFICATION NUMBER
Classification number 709 JAN
100 1# - Rafti
Rafti 44
101 ## - Shkurtesa
Shkurtesa ART
245 00 - TITLE STATEMENT
Title History of art;
Statement of responsibility, etc [by] H. W. Janson, with Dora Jane Janson.
504 ## - BIBLIOGRAPHY, ETC. NOTE
Bibliography, etc Bibliography: p. 554-560.
906 ## - LOCAL DATA ELEMENT F, LDF (RLIN)
a 7
b cbc
c orignew
d u
e ocip
f 19
g y-gencatlg
942 ## - ADDED ENTRY ELEMENTS (KOHA)
Source of classification or shelving scheme
Item type Books
Holdings
Withdrawn status Lost status Source of classification or shelving scheme Damaged status Not for loan Collection code Permanent location Current location Shelving location Date acquired Total Checkouts Full call number Barcode Date last seen Price effective from Koha item type
          Koleksioni i përgjithshem UBT - Lipjan UBT - Lipjan Koleksioni i përgjithshem 03/14/2018   709 JAN 002-3001802 03/14/2018 03/14/2018 Books
UBT Library © 2015-2024. All rights reserved University Education for Business and Technology